AH International Schools' Libraries

Disney Princess : Storybook collection / (Record no. 49275)

MARC details
000 -LEADER
fixed length control field 00684nam a2200205 4500
015 ## - NATIONAL BIBLIOGRAPHY NUMBER
National bibliography number GBB4C1753
Source bnb
020 ## - INTERNATIONAL STANDARD BOOK NUMBER
International Standard Book Number 9781472308177
020 ## - INTERNATIONAL STANDARD BOOK NUMBER
International Standard Book Number 1472308174
040 ## - CATALOGING SOURCE
Original cataloging agency UK-WkNB
Language of cataloging eng
Transcribing agency UK-WkNB
Modifying agency Uk
Description conventions rda
042 ## - AUTHENTICATION CODE
Authentication code ukblsr
082 04 - DEWEY DECIMAL CLASSIFICATION NUMBER
Classification number 813.60809282
Edition number 23
100 ## - MAIN ENTRY--PERSONAL NAME
Personal name Parragon,
Relator term Publisher.
9 (RLIN) 86226
245 00 - TITLE STATEMENT
Title Disney Princess : Storybook collection /
Statement of responsibility, etc by Parragon Book.
260 ## - PUBLICATION, DISTRIBUTION, ETC. (IMPRINT)
Name of publisher, distributor, etc Parragon Book:
Date of publication, distribution, etc January 1, 2013.
300 ## - PHYSICAL DESCRIPTION
Extent 155 pages :
Other physical details illustrations (colour) ;
Dimensions 9.45 x 0.59 x 9.45 inches.
650 ## - SUBJECT ADDED ENTRY--TOPICAL TERM
Topical term or geographic name as entry element Princesses
Form subdivision Juvenile fiction.
650 ## - SUBJECT ADDED ENTRY--TOPICAL TERM
Topical term or geographic name as entry element Disney characters
Form subdivision Juvenile fiction.
9 (RLIN) 74802
942 ## - ADDED ENTRY ELEMENTS (KOHA)
Source of classification or shelving scheme
Koha item type Book
Holdings
Withdrawn status Lost status Source of classification or shelving scheme Damaged status Not for loan Home library Current library Date acquired Total Checkouts Full call number Barcode Checked out Date last seen Date checked out Price effective from Koha item type
          Logos International School Logos International School 08/13/2025 11 E DIS 042840 05/01/2026 04/23/2026 04/23/2026 08/13/2025 Book

For any Logos Library related questions please contact Miss Art at swongnarasuk@asianhope.org.

For any Asian Hope Library related questions please contact Miss Raza at graza@asianhope.org.

Click here to explore our ebooks!

Powered by Koha